[Event "75th ch-ARM 1st League 2014"]
[Site "Yerevan ARM"]
[Date "2014.08.27"]
[Round "7.1"]
[White "Mikaelyan, Arman"]
[Black "Vardanian, Haik G."]
[Result "0-1"]
[BlackTitle "FM"]
[WhiteElo "2327"]
[BlackElo "2314"]
[WhiteFideId "13304852"]
[BlackFideId "13303562"]
[EventDate "2014.08.21"]

1. d4 Nf6 2. Nf3 e6 3. Bg5 c5 4. e3 h6 5. Bxf6 Qxf6 6. c4 cxd4 7. exd4 b6 8. Nc3
Bb7 9. Be2 Bb4 10. O-O Bxc3 11. bxc3 O-O 12. Nd2 Rc8 13. f4 d5 14. Rc1 Rc7 15.
Kh1 Nd7 16. cxd5 Bxd5 17. Bf3 Rac8 18. Bxd5 exd5 19. Qf3 Qd6 20. g4 Qa3 21. g5
Qxa2 22. Rf2 Qb2 23. Rg1 Qxc3 24. Qh5 Qxd4 25. gxh6 g6 26. Qe2 Rc1 27. h7+ Kxh7
28. Rxc1 Rxc1+ 29. Kg2 Rc2 30. f5 Ne5 31. fxg6+ Kxg6 32. h3 Nd3 33. Rf3 Nf4+ 0-1

[Event "75th ch-ARM 1st League 2014"]
[Site "Yerevan ARM"]
[Date "2014.08.27"]
[Round "7.2"]
[White "Shahinyan, David"]
[Black "Poghosyan, Suren"]
[Result "1-0"]
[WhiteTitle "FM"]
[BlackTitle "FM"]
[WhiteElo "2383"]
[BlackElo "2284"]
[WhiteFideId "13304380"]
[BlackFideId "13303201"]
[EventDate "2014.08.21"]

1. Nf3 Nf6 2. c4 e6 3. g3 d5 4. d4 dxc4 5. Bg2 Nc6 6. O-O Rb8 7. Nc3 Bb4 8. Qc2
O-O 9. Rd1 b5 10. d5 Ne7 11. dxe6 Qe8 12. exf7+ Qxf7 13. Ng5 Qh5 14. Nxb5 Ng4
15. Qxc4+ Kh8 16. h4 Nxf2 17. Rf1 Bd7 18. Rxf2 Rxf2 19. Kxf2 Bxb5 20. Qxb4 Qxe2+
21. Kg1 Qxg2+ 22. Kxg2 Bc6+ 23. Qe4 h6 24. Qxc6 1-0

[Event "75th ch-ARM 1st League 2014"]
[Site "Yerevan ARM"]
[Date "2014.08.27"]
[Round "7.3"]
[White "Martirosyan, Haik M."]
[Black "Chibukhchian, Artur"]
[Result "1-0"]
[WhiteTitle "FM"]
[BlackTitle "GM"]
[WhiteElo "2328"]
[BlackElo "2430"]
[WhiteFideId "13306553"]
[BlackFideId "13300717"]
[EventDate "2014.08.21"]

1. d4 d6 2. Nf3 Bg4 3. c4 Bxf3 4. exf3 g6 5. Nc3 Bg7 6. Be3 e6 7. Qb3 b6 8. f4
Ne7 9. g3 d5 10. cxd5 exd5 11. h4 c6 12. Bd3 Nd7 13. h5 f5 14. Ne2 Nf6 15. hxg6
hxg6 16. Rxh8+ Bxh8 17. Ng1 Ng4 18. Nf3 Nxe3 19. fxe3 Qd6 20. O-O-O Qe6 21. Re1
Bf6 22. Kd2 Kf7 23. Rh1 c5 24. Qd1 Kg7 25. Rh2 c4 26. Be2 Rh8 27. Rxh8 Kxh8 28.
Qa4 Nc6 29. Ne5 Bxe5 30. fxe5 Kg7 31. Qa6 Kh6 32. Qb7 g5 33. Qa8 g4 34. Bd1 b5
35. Qb7 a6 36. a4 b4 37. Qxa6 Nxd4 38. Qd6 Qxd6 39. exd6 Nc6 40. d7 Kg6 41. a5
c3+ 42. bxc3 bxc3+ 43. Kxc3 Kf6 44. Ba4 d4+ 45. exd4 Nd8 46. a6 1-0

[Event "75th ch-ARM 1st League 2014"]
[Site "Yerevan ARM"]
[Date "2014.08.27"]
[Round "7.4"]
[White "Babujian, Levon"]
[Black "Torosyan, Norayr"]
[Result "1-0"]
[WhiteTitle "GM"]
[WhiteElo "2484"]
[BlackElo "2321"]
[WhiteFideId "13301993"]
[BlackFideId "13300431"]
[EventDate "2014.08.21"]

1. d4 Nf6 2. Nf3 e6 3. e3 d5 4. Bd3 Bd6 5. b3 O-O 6. Bb2 b6 7. O-O Bb7 8. Ne5
Nbd7 9. Nd2 Ne4 10. f4 Nxd2 11. Qxd2 f6 12. Nf3 Qe7 13. Rae1 f5 14. Ne5 Nf6 15.
Rf3 Ne4 16. Qe2 Bxe5 17. fxe5 c5 18. Ba3 Qc7 19. Ref1 g6 20. h4 h5 21. Qe1 Rfd8
22. b4 c4 23. Bxe4 dxe4 24. Rg3 Kh7 25. b5 a6 26. Bb4 axb5 27. a3 Bc6 28. Qf2
Qg7 29. Rg5 Qh6 30. Qf4 Ra7 31. Rb1 Rdd7 32. Kf2 Ra8 33. Ke2 Raa7 34. g4 hxg4
35. h5 Rg7 36. Rh1 Kg8 37. Rh2 g3 38. Rh4 g2 39. hxg6 Qxg6 40. Rxg6 Rxg6 41. Qh2
Re7 42. Rh8+ 1-0

[Event "75th ch-ARM 1st League 2014"]
[Site "Yerevan ARM"]
[Date "2014.08.27"]
[Round "7.5"]
[White "Gabuzyan, Hovhannes"]
[Black "Harutjunyan, Gevorg"]
[Result "1-0"]
[WhiteTitle "GM"]
[BlackTitle "GM"]
[WhiteElo "2582"]
[BlackElo "2444"]
[WhiteFideId "13303732"]
[BlackFideId "13300873"]
[EventDate "2014.08.21"]

1. d4 Nf6 2. g3 g6 3. Bg2 Bg7 4. e4 d6 5. Ne2 O-O 6. Nbc3 e5 7. h3 Nc6 8. Be3
exd4 9. Nxd4 Bd7 10. O-O Re8 11. Qd2 Ne5 12. b3 c5 13. Ndb5 Bxh3 14. Nxd6 Re6
15. Rad1 Bf8 16. Ndb5 Qa5 17. Bf4 Bxg2 18. Kxg2 a6 19. Bxe5 Rxe5 20. Nd5 Qxd2
21. Nxf6+ Kg7 22. Rxd2 axb5 23. f4 Re6 24. e5 Be7 25. Nd5 Rxa2 26. f5 gxf5 27.
Rxf5 Kg6 28. Rdf2 Bg5 29. Nc3 Ra1 30. Nxb5 f6 31. exf6 Rxf6 32. Rxc5 Rg1+ 33.
Kxg1 Be3 34. Re5 Bxf2+ 35. Kg2 h5 36. Re2 Bc5 37. Nc3 Rc6 38. Nd5 Bd6 39. c4 Ra6
40. Kh3 Kf5 41. Rf2+ Kg5 42. Rf7 b6 43. Rd7 Be5 44. Nb4 Ra3 45. Rd5 Kf6 46. Rb5
Ra1 47. Rxb6+ Kf5 48. Nd3 Bd4 49. Rb8 Ke4 50. Nb4 Rh1+ 51. Kg2 Rg1+ 52. Kh2 h4
53. Re8+ Kf3 54. Rf8+ Ke2 55. gxh4 Rb1 56. Nc6 Bc5 57. Rf5 Bf2 58. h5 Rg1 59.
Ne5 Kf1 60. h6 Rg2+ 61. Kh3 Rg3+ 62. Kh4 Rxb3+ 63. Kh5 Ke2 64. h7 Bd4 65. Kg6
Rb6+ 66. Kg7 Rb7+ 67. Kg8 Rb8+ 68. Rf8 1-0

[Event "75th ch-ARM 1st League 2014"]
[Site "Yerevan ARM"]
[Date "2014.08.27"]
[Round "7.6"]
[White "Harutyunian, Tigran K."]
[Black "Hayrapetyan, Hovik"]
[Result "1/2-1/2"]
[WhiteTitle "IM"]
[BlackTitle "GM"]
[WhiteElo "2439"]
[BlackElo "2438"]
[WhiteFideId "13303635"]
[BlackFideId "13302639"]
[EventDate "2014.08.21"]

1. d4 d5 2. c4 c6 3. Nf3 Nf6 4. Qc2 e6 5. Nbd2 Nbd7 6. g3 b6 7. Bg2 Bb7 8. O-O
Be7 9. e4 Nxe4 10. Nxe4 dxe4 11. Qxe4 Nf6 12. Qc2 c5 13. dxc5 bxc5 14. Ne5 Bxg2
15. Qa4+ Kf8 16. Kxg2 Qe8 17. Qd1 h5 18. Bg5 Ng4 19. Bxe7+ Kxe7 20. Nxg4 Qc6+
21. Kg1 hxg4 22. Qxg4 g6 23. f3 Rhd8 24. Rad1 Qb6 25. b3 a5 26. f4 a4 27. bxa4
Qb4 28. Qh4+ Ke8 29. Rb1 Qc3 30. Kh1 Kf8 31. Rbc1 Qd4 32. Qg4 Rxa4 33. Qe2 Qd2
34. Rc2 Qxe2 35. Rxe2 Rxc4 36. Kg2 Ke7 37. f5 gxf5 38. Rxf5 Ra8 39. Rff2 Ra3 40.
Rb2 f5 41. Rfe2 Kf6 42. Kf2 Ra6 43. Rb3 e5 44. Rbe3 e4 45. g4 Ke5 46. gxf5 Rf6
47. h4 Rxf5+ 48. Kg2 Rf4 49. Rh3 Rg4+ 50. Kf2 Rc1 51. h5 Rgg1 52. Rh4 Rcf1+ 53.
Ke3 Rf3+ 54. Kd2 Ra3 55. Rhxe4+ 1/2-1/2

[Event "75th ch-ARM 1st League 2014"]
[Site "Yerevan ARM"]
[Date "2014.08.27"]
[Round "7.7"]
[White "Alaverdyan, Gevorg"]
[Black "Petrosian, Davit G."]
[Result "1/2-1/2"]
[WhiteTitle "FM"]
[BlackTitle "GM"]
[WhiteElo "2369"]
[BlackElo "2398"]
[WhiteFideId "13303058"]
[BlackFideId "13301349"]
[EventDate "2014.08.21"]

1. c4 Nf6 2. Nc3 g6 3. d4 Bg7 4. e4 d6 5. Nf3 O-O 6. Be2 c5 7. d5 e6 8. h3 exd5
9. exd5 Re8 10. O-O Nbd7 11. Re1 Ne4 12. Nxe4 Rxe4 13. Bg5 Qf8 14. Qc2 Re8 15.
Bd3 Ne5 16. Nxe5 Bxe5 17. Qa4 a6 18. Kf1 f6 19. Bd2 g5 20. Rab1 g4 21. hxg4 Bxg4
22. f3 Bh5 23. Bf5 Bg6 24. Qc2 Qf7 25. g4 b5 26. b3 Kg7 27. Kg2 Bd4 28. Bf4 Rxe1
29. Rxe1 Re8 30. Rxe8 Qxe8 31. Bxg6 hxg6 32. Bxd6 Qe1 33. Bh2 bxc4 34. bxc4 Kf7
35. d6 Ke6 36. Qe4+ Qxe4 37. fxe4 g5 38. Kf3 Be5 39. Bxe5 fxe5 40. a4 a5 1/2-1/2

[Event "75th ch-ARM 1st League 2014"]
[Site "Yerevan ARM"]
[Date "2014.08.29"]
[Round "8.1"]
[White "Petrosian, Davit G."]
[Black "Martirosyan, Haik M."]
[Result "0-1"]
[WhiteTitle "GM"]
[BlackTitle "FM"]
[WhiteElo "2398"]
[BlackElo "2328"]
[WhiteFideId "13301349"]
[BlackFideId "13306553"]
[EventDate "2014.08.21"]

1. e4 c5 2. Nf3 e6 3. Nc3 a6 4. d4 cxd4 5. Nxd4 Qc7 6. Qf3 Nc6 7. Nxc6 bxc6 8.
Bf4 e5 9. Bg5 h6 10. Bh4 Be7 11. Bxe7 Nxe7 12. Bc4 O-O 13. O-O-O d6 14. g4 Be6
15. Bb3 Ng6 16. h4 Qe7 17. Qg3 Nf4 18. g5 h5 19. Rd2 a5 20. Rhd1 Rfd8 21. Qe3
Rab8 22. Bxe6 Nxe6 23. Ne2 g6 24. f4 exf4 25. Nxf4 a4 26. Nxe6 Qxe6 27. Qa3 c5
28. Qxa4 Ra8 29. Qb3 Rxa2 30. Rf2 Ra1+ 31. Kd2 Rxd1+ 32. Kxd1 d5 33. Kc1 Qxe4
34. Qc3 d4 35. Qd2 Qh1+ 36. Qd1 Qxh4 37. Qg1 Rd5 38. Kb1 Qxg5 39. Qf1 Rf5 40.
Rf4 Qxf4 41. Qf3 Qxf3 0-1

[Event "75th ch-ARM 1st League 2014"]
[Site "Yerevan ARM"]
[Date "2014.08.29"]
[Round "8.2"]
[White "Torosyan, Norayr"]
[Black "Harutjunyan, Gevorg"]
[Result "1-0"]
[BlackTitle "GM"]
[WhiteElo "2321"]
[BlackElo "2444"]
[WhiteFideId "13300431"]
[BlackFideId "13300873"]
[EventDate "2014.08.21"]

1. e4 c6 2. d4 d5 3. e5 Bf5 4. Nf3 e6 5. Be2 Nd7 6. O-O Be7 7. Nbd2 Nh6 8. Nb3
Bg6 9. Bd2 O-O 10. a4 a6 11. a5 c5 12. Nxc5 Nxc5 13. dxc5 Bxc5 14. Bxh6 gxh6 15.
Qd2 Kg7 16. Ra4 Rc8 17. Rh4 h5 18. c3 f5 19. b4 Be7 20. Rd4 f4 21. Bd3 Rc7 22.
Rc1 Qc8 23. h3 Rf7 24. Kh2 Qf8 25. Rb1 Qe8 26. Rc1 Qf8 27. Bxg6 hxg6 28. Rd3 Qc8
29. Re1 Rc4 30. Nd4 Bg5 31. Rf3 Bh6 32. h4 Kh7 33. Rb1 Bg7 34. Qe1 Qe8 35. Kg1
Qe7 36. Rh3 Qe8 37. Rf3 Bh6 38. b5 axb5 39. Nxb5 Re4 40. Qd2 Bf8 41. Nd4 Bc5 42.
Rd3 Rc7 43. Nf3 Be7 44. Rd4 Qc8 45. Rb3 Kg7 46. Rxe4 dxe4 47. Nd4 e3 48. fxe3
fxe3 49. Qxe3 Bc5 50. Kh2 Kh7 51. Qe4 Qd7 52. Nf3 Be7 53. Rb2 Qc8 54. Rf2 Kg7
55. Nd4 Rxc3 56. Rb2 Qc5 1-0

[Event "75th ch-ARM 1st League 2014"]
[Site "Yerevan ARM"]
[Date "2014.08.29"]
[Round "8.3"]
[White "Chibukhchian, Artur"]
[Black "Shahinyan, David"]
[Result "0-1"]
[WhiteTitle "GM"]
[BlackTitle "FM"]
[WhiteElo "2430"]
[BlackElo "2383"]
[WhiteFideId "13300717"]
[BlackFideId "13304380"]
[EventDate "2014.08.21"]

1. d4 e6 2. c4 f5 3. g3 Nf6 4. Bg2 d5 5. Nh3 c6 6. Qc2 Bd6 7. O-O O-O 8. Bf4 Be7
9. Nd2 Nh5 10. Nf3 Nd7 11. Bd2 Bd6 12. b4 b5 13. Nhg5 Re8 14. cxb5 cxb5 15. Qc6
Nb6 16. Ne5 Rf8 17. Qxb5 Nf6 18. Ngf3 Ne4 19. Qd3 Nc4 20. Bf4 Ba6 21. Rab1 Qe8
22. Rfc1 Rb8 23. a3 Nxe5 24. Qxa6 Nxf3+ 25. exf3 Bxf4 26. Rc6 Nd2 27. Re1 Bh6
28. Rexe6 Qf7 29. Qd3 Rfe8 30. Re5 Nc4 31. Rxf5 Re1+ 32. Bf1 Qd7 33. b5 Nd2 34.
Rxh6 Nxf1 35. Rf8+ Kxf8 0-1

[Event "75th ch-ARM 1st League 2014"]
[Site "Yerevan ARM"]
[Date "2014.08.29"]
[Round "8.4"]
[White "Babujian, Levon"]
[Black "Harutyunian, Tigran K."]
[Result "1-0"]
[WhiteTitle "GM"]
[BlackTitle "IM"]
[WhiteElo "2484"]
[BlackElo "2439"]
[WhiteFideId "13301993"]
[BlackFideId "13303635"]
[EventDate "2014.08.21"]

1. e4 e5 2. Nf3 Nc6 3. d4 exd4 4. Nxd4 Bc5 5. Nb3 Bb6 6. Nc3 Nf6 7. Qe2 O-O 8.
Bg5 Nd4 9. Qd2 Nxb3 10. axb3 h6 11. Be3 Bxe3 12. Qxe3 Re8 13. O-O-O c6 14. Qd4
Qe7 15. f3 b5 16. Qd6 Qxd6 17. Rxd6 Re7 18. g4 Ne8 19. Rd2 d6 20. h4 g6 21. g5
Kg7 22. Ne2 h5 23. Bg2 a5 24. Nd4 Bd7 25. f4 c5 26. Ne2 Bc6 27. Nc3 a4 28. bxa4
bxa4 29. f5 Rb7 30. f6+ Kf8 31. Nb1 Rab8 32. c3 Nc7 33. Na3 Nb5 34. Nxb5 Rxb5
35. c4 Rb4 36. Rc2 Rb3 37. Re1 a3 38. bxa3 Rb1+ 39. Kd2 Ba4 40. Rxb1 Rxb1 41.
Bh3 Bxc2 42. Kxc2 Rh1 43. Bd7 Rxh4 44. Bc6 Rh3 45. a4 h4 46. Kb2 Rh2+ 47. Kb3
Rh1 48. Kb2 h3 49. e5 Rd1 50. a5 h2 51. a6 d5 52. a7 Rb1+ 53. Kxb1 h1=Q+ 54. Ka2
Qg2+ 55. Ka3 Qf3+ 56. Ka4 Qd1+ 57. Ka5 Qa1+ 58. Kb6 Qb2+ 59. Bb5 Qa3 60. Kb7
dxc4 61. a8=Q+ Qxa8+ 62. Kxa8 c3 63. Ba4 c2 64. Bxc2 Ke8 65. Ba4+ 1-0

[Event "75th ch-ARM 1st League 2014"]
[Site "Yerevan ARM"]
[Date "2014.08.29"]
[Round "8.5"]
[White "Poghosyan, Suren"]
[Black "Gabuzyan, Hovhannes"]
[Result "1/2-1/2"]
[WhiteTitle "FM"]
[BlackTitle "GM"]
[WhiteElo "2284"]
[BlackElo "2582"]
[WhiteFideId "13303201"]
[BlackFideId "13303732"]
[EventDate "2014.08.21"]

1. d4 Nf6 2. Bg5 Ne4 3. Bh4 d5 4. f3 Nd6 5. Nc3 Nf5 6. Bf2 Nc6 7. g4 Nd6 8. Nxd5
h5 9. gxh5 Nf5 10. e4 Nfxd4 11. c3 e6 12. Ne3 e5 13. Nd5 Ne6 14. Qc2 Ne7 15. Ne3
Rxh5 16. Rd1 Bd7 17. Bc4 Qc8 18. Kd2 b5 19. Bxe6 Bxe6 20. Kc1 Bxa2 21. b3 Qa6
22. Qb2 Nc6 23. Nc2 b4 24. c4 Nd4 25. Bxd4 exd4 26. Qxd4 Be7 27. Qe3 Qb6 28. Rd3
Bc5 29. Qe1 a5 30. Ne2 a4 31. Nf4 Re5 32. Nd5 Rxd5 33. exd5+ Kf8 34. Qh4 Kg8 35.
f4 Bf2 36. Qh5 axb3 37. Rh3 Qh6 38. Qxh6 gxh6 39. Nxb4 Ra4 40. Nd3 Rxc4+ 41. Kb2
Bd4+ 42. Ka3 Kh7 43. Re1 Bg7 44. Re7 Bf8 45. d6 cxd6 46. Rxf7+ Kg8 47. Rxf8+
Kxf8 48. Rxh6 Rd4 49. Nc1 Ra4+ 50. Kb2 Rxf4 51. Nxa2 1/2-1/2

[Event "75th ch-ARM 1st League 2014"]
[Site "Yerevan ARM"]
[Date "2014.08.29"]
[Round "8.6"]
[White "Vardanian, Haik G."]
[Black "Alaverdyan, Gevorg"]
[Result "0-1"]
[WhiteTitle "FM"]
[BlackTitle "FM"]
[WhiteElo "2314"]
[BlackElo "2369"]
[WhiteFideId "13303562"]
[BlackFideId "13303058"]
[EventDate "2014.08.21"]

1. c4 c5 2. g3 Nc6 3. Bg2 g6 4. Nc3 Bg7 5. Nf3 Nh6 6. h4 d6 7. h5 Bg4 8. d3 gxh5
9. Ng5 Qd7 10. f3 Bf5 11. Rxh5 Bg6 12. Rh2 Nf5 13. Bh3 e6 14. Nge4 h6 15. Bf4
Ne5 16. Bxf5 Bxf5 17. Qd2 O-O-O 18. O-O-O b6 19. Nf2 h5 20. Rdh1 Bg6 21. Nh3 d5
22. cxd5 exd5 23. Bxe5 Bxe5 24. Nf4 Qc6 25. Nxh5 d4 26. Qg5 Rhe8 27. Ne4 c4 28.
Kb1 c3 29. Nf4 Qb5 30. b3 Qa5 31. Nxg6 fxg6 32. Rh7 Kb8 33. Qc1 Rc8 34. Qc2 Rc6
35. f4 Bc7 36. Rd7 Qb4 37. Rhh7 b5 38. Kc1 Qa3+ 39. Kb1 Bb6 40. Rd5 a6 41. Rh1
Qf8 42. Rf1 Qh8 43. f5 Qh3 44. Qc1 c2+ 45. Kb2 Rec8 46. Rf2 gxf5 47. Rdxf5 Bd8
48. Rf8 Qe6 49. Rf1 Ka8 50. Rh1 Qe7 51. Rhh8 Ka7 52. g4 Kb7 53. g5 a5 54. Rhg8
a4 55. g6 Kb6 56. g7 axb3 57. Re8 Qa7 58. Kxb3 Qa4+ 59. Kb2 Ra8 60. Nc3 dxc3+ 0-1

[Event "75th ch-ARM 1st League 2014"]
[Site "Yerevan ARM"]
[Date "2014.08.29"]
[Round "8.7"]
[White "Hayrapetyan, Hovik"]
[Black "Mikaelyan, Arman"]
[Result "1/2-1/2"]
[WhiteTitle "GM"]
[WhiteElo "2438"]
[BlackElo "2327"]
[WhiteFideId "13302639"]
[BlackFideId "13304852"]
[EventDate "2014.08.21"]

1. d4 d5 2. Nf3 Nf6 3. e3 c6 4. Bd3 Bg4 5. h3 Bh5 6. c4 Nbd7 7. cxd5 cxd5 8. Nc3
e6 9. Bd2 Be7 10. O-O O-O 11. Rc1 a6 12. Na4 Ne4 13. b4 Nxd2 14. Qxd2 Bxf3 15.
gxf3 Bd6 16. Nc5 Rb8 17. f4 Nf6 18. Kh1 Qe7 19. a3 g6 20. Qe2 Rfc8 21. Rc2 Rc7
22. Rfc1 Kh8 23. Nb3 Rxc2 24. Rxc2 Rg8 25. Rc1 Qd7 26. Nc5 Qe7 27. a4 Rc8 28.
Rc2 Rc7 29. Kg2 Nh5 30. Qd1 Qh4 31. Be2 Nf6 32. Nd3 Ne4 33. Rxc7 Bxc7 34. Qc2
Qe7 35. Nc5 Nd6 36. Bd3 Kg7 37. Kf1 Bd8 38. Qd1 Qc7 39. Kg2 Qc6 40. Qc2 Qc7 41.
Qd1 a5 42. bxa5 Qxa5 43. Qc2 Qb4 44. Nd7 Ba5 45. Qc5 Qxc5 46. Nxc5 Bb4 47. Nb3
Kf8 48. Kf3 Ke7 49. Ke2 Kd7 50. Kf1 Kc6 51. f3 b6 52. Ke2 Nc4 53. Kf2 Be7 54.
Ke2 Bb4 55. Na1 Bc3 56. Nc2 f5 57. Bxc4 dxc4 58. Na3 Kd5 59. Nb5 Bb4 60. Kd1 Kc6
61. Kc2 h6 62. e4 Kd7 63. Nc3 Kd6 64. Nd1 Kc6 65. Nc3 Bd6 66. Nb5 Bxf4 67. Kc3
fxe4 68. fxe4 g5 69. Kxc4 h5 70. Kd3 Bc1 71. Ke2 Bf4 72. Kf3 Bb8 73. Nc3 Bd6 74.
e5 Be7 75. Ke4 Bb4 76. d5+ Kd7 77. dxe6+ Kxe6 78. Ne2 Bc5 79. Ng3 h4 80. Ne2 Bf2
81. Kf3 Be1 82. Ke4 Bf2 83. Kf3 Be1 84. Ke4 Bf2 1/2-1/2

[Event "75th ch-ARM 1st League 2014"]
[Site "Yerevan ARM"]
[Date "2014.08.30"]
[Round "9.1"]
[White "Harutyunian, Tigran K."]
[Black "Torosyan, Norayr"]
[Result "1-0"]
[WhiteTitle "IM"]
[WhiteElo "2439"]
[BlackElo "2321"]
[WhiteFideId "13303635"]
[BlackFideId "13300431"]
[EventDate "2014.08.21"]

1. e4 c6 2. c4 d5 3. exd5 cxd5 4. cxd5 Nf6 5. Qa4+ Nbd7 6. Nc3 g6 7. Bc4 Bg7 8.
d3 O-O 9. Nf3 a6 10. Qa3 Re8 11. O-O Bf8 12. Bg5 Rb8 13. b4 b5 14. Bb3 Nb6 15.
Ne5 Qd6 16. Bf4 Nbxd5 17. Nxd5 Nxd5 18. Bg3 Bb7 19. Nxf7 Qf6 20. Ne5 Rbd8 21.
Rac1 e6 22. Bxd5 Rxd5 23. Rc7 Re7 24. Qc3 Rxc7 25. Qxc7 Qe7 26. Qb6 Bg7 27. d4
Bxe5 28. Bxe5 Rd7 29. f3 Kf7 30. a3 Qg5 31. Qc5 Rd8 32. Re1 Bxf3 33. Qc7+ Ke8
34. Bg3 Bd5 35. Qxh7 Rc8 36. Qg8+ Kd7 37. Qf7+ Kd8 38. Qf8+ Kd7 39. Qd6+ Ke8 40.
h4 Qe7 41. Qxa6 Qd7 42. Qb6 Qc6 43. Qa7 Qd7 44. Qb6 Qc6 45. Qxc6+ Rxc6 46. Bf2
Rc2 47. Ra1 Kf7 48. a4 bxa4 49. Rxa4 Rb2 50. Be3 Rxg2+ 51. Kf1 Kf6 52. Ra7 Rb2
53. Bg5+ Kf5 54. Rf7+ Kg4 55. Rf4+ Kg3 56. Rf6 Bf3 57. Bf4+ Kxh4 58. Bd6 Bd5 59.
Rxg6 Kh5 60. Rg8 Kh6 61. Ke1 Kh7 62. Rg3 Rg2 63. Rh3+ Kg6 64. Kd1 Kf5 65. Re3
Rb2 66. Kc1 Rb3 67. Re5+ Kf6 68. Kc2 Rh3 69. b5 Rh7 70. b6 Rh2+ 71. Kc3 Rh3+ 72.
Kb4 Rb3+ 73. Kc5 Rb1 74. Rxd5 exd5 75. Kc6 Kf5 76. b7 Ke4 77. Bc5 Rb2 78. Kc7
Kf4 1-0

[Event "75th ch-ARM 1st League 2014"]
[Site "Yerevan ARM"]
[Date "2014.08.30"]
[Round "9.2"]
[White "Martirosyan, Haik M."]
[Black "Vardanian, Haik G."]
[Result "1/2-1/2"]
[WhiteTitle "FM"]
[BlackTitle "FM"]
[WhiteElo "2328"]
[BlackElo "2314"]
[WhiteFideId "13306553"]
[BlackFideId "13303562"]
[EventDate "2014.08.21"]

1. d4 Nf6 2. c4 e6 3. Nc3 Bb4 4. Qc2 O-O 5. a3 Bxc3+ 6. Qxc3 b6 7. Bg5 h6 8. Bh4
Bb7 9. e3 d6 10. Ne2 Re8 11. Qc2 e5 12. d5 Nbd7 13. Nc3 c6 14. dxc6 Bxc6 15. Rd1
Qc7 16. Qd2 Qb7 17. f3 e4 18. f4 a6 19. Be2 Nh7 20. Qxd6 Nc5 21. O-O Nd3 22. Qd4
b5 23. cxb5 axb5 24. Bxd3 exd3 25. e4 g5 26. fxg5 hxg5 27. Bg3 Rad8 28. Qc5 Bxe4
29. Rd2 b4 30. axb4 Bg6 31. b5 Rc8 32. Qd6 Re6 33. Qd4 Rce8 34. Rxd3 Bxd3 35.
Qxd3 Rf6 36. Rd1 Qb6+ 37. Qd4 Rd8 38. Qxb6 Rxd1+ 39. Nxd1 Rxb6 40. Nc3 Rb7 41.
Kf2 f5 42. Ke2 Nf6 43. Kd3 Rd7+ 44. Kc2 Ng4 45. Bb8 Ne3+ 46. Kb3 Rb7 47. Bd6
Nxg2 48. Kc4 Ne3+ 49. Kc5 f4 50. Ne4 Nf5 51. b6 Nxd6 52. Nxd6 Re7 53. Kc6 g4 54.
Nf5 Re6+ 55. Kc7 Re2 56. b4 Rb2 57. Ne7+ Kh7 58. Nd5 g3 59. hxg3 fxg3 60. b7
Rxb4 61. Nxb4 g2 62. b8=Q g1=Q 63. Qb5 Qg7+ 64. Qd7 Qxd7+ 65. Kxd7 1/2-1/2

[Event "75th ch-ARM 1st League 2014"]
[Site "Yerevan ARM"]
[Date "2014.08.30"]
[Round "9.3"]
[White "Gabuzyan, Hovhannes"]
[Black "Chibukhchian, Artur"]
[Result "1/2-1/2"]
[WhiteTitle "GM"]
[BlackTitle "GM"]
[WhiteElo "2582"]
[BlackElo "2430"]
[WhiteFideId "13303732"]
[BlackFideId "13300717"]
[EventDate "2014.08.21"]

1. c4 e5 2. Nc3 Nf6 3. a3 c6 4. Nf3 e4 5. Nd4 Bc5 6. Nb3 Bb6 7. d4 exd3 8. Qxd3
d5 9. cxd5 Nxd5 10. Nxd5 cxd5 11. g3 Qf6 12. Be3 Qxb2 13. Bg2 O-O 14. O-O Nd7
15. Bd4 Bxd4 16. Nxd4 Ne5 17. Qe3 Nc6 18. Rfd1 Nxd4 19. Qxd4 Qxd4 20. Rxd4 Be6
21. Bxd5 Bxd5 22. Rxd5 1/2-1/2

[Event "75th ch-ARM 1st League 2014"]
[Site "Yerevan ARM"]
[Date "2014.08.30"]
[Round "9.4"]
[White "Mikaelyan, Arman"]
[Black "Babujian, Levon"]
[Result "1-0"]
[BlackTitle "GM"]
[WhiteElo "2327"]
[BlackElo "2484"]
[WhiteFideId "13304852"]
[BlackFideId "13301993"]
[EventDate "2014.08.21"]

1. b3 e5 2. Bb2 Nc6 3. e3 Nf6 4. Bb5 Bd6 5. Na3 a6 6. Bxc6 dxc6 7. Nc4 Qe7 8. a4
O-O 9. Ne2 b5 10. Nxd6 cxd6 11. axb5 cxb5 12. O-O Bb7 13. Ng3 Qe6 14. f4 Rac8
15. Rc1 Rfe8 16. Qe2 b4 17. h3 Nd7 18. f5 Qh6 19. Qg4 a5 20. Ne4 Kh8 21. f6 Bxe4
22. fxg7+ Kg8 23. Qxe4 Qg6 24. Qd5 Rc5 25. Qb7 Qe6 26. Rf2 Rec8 27. d4 R5c7 28.
Qb5 exd4 29. exd4 Nf6 30. Re2 Qd5 31. Qd3 a4 32. bxa4 Qa2 33. Rf1 Nd5 34. Qf3
Nb6 35. Bc1 Qxa4 36. Bh6 Qa8 37. Qf6 Re8 38. Rxe8+ Qxe8 39. Qxd6 Re7 40. Qxb6
Re6 41. Qxb4 Rxh6 42. Re1 Qd8 43. Qf8+ Qxf8 44. gxf8=Q+ Kxf8 45. Re3 Rc6 46. c3
Rf6 47. g3 h5 48. Kg2 Ra6 49. Kf3 f6 50. h4 Ra1 51. Ke2 Kf7 52. Kd3 f5 53. d5
Rh1 54. Kd4 Rf1 55. Kc5 f4 56. gxf4 Rxf4 57. d6 1-0

[Event "75th ch-ARM 1st League 2014"]
[Site "Yerevan ARM"]
[Date "2014.08.30"]
[Round "9.5"]
[White "Shahinyan, David"]
[Black "Petrosian, Davit G."]
[Result "1-0"]
[WhiteTitle "FM"]
[BlackTitle "GM"]
[WhiteElo "2383"]
[BlackElo "2398"]
[WhiteFideId "13304380"]
[BlackFideId "13301349"]
[EventDate "2014.08.21"]

1. Nf3 Nf6 2. g3 g6 3. Bg2 Bg7 4. O-O O-O 5. d4 d6 6. c4 c6 7. Nc3 Qb6 8. e4 Bg4
9. h3 Bxf3 10. Bxf3 Nfd7 11. d5 Na6 12. Be2 Nac5 13. Qc2 a5 14. Be3 Qb4 15. Bd2
a4 16. Rab1 Qb6 17. Be3 Qb4 18. Bd2 Qb6 19. Be3 Qa5 20. Rfc1 Na6 21. Qd2 Ndc5
22. Bh6 Bxh6 23. Qxh6 a3 24. b3 e5 25. Qe3 f5 26. exf5 Rxf5 27. Rd1 Rf6 28. Rd2
Raf8 29. f3 Nb4 30. dxc6 bxc6 31. Rbd1 Qc7 32. Kg2 Rd8 33. h4 Qe7 34. Na4 Nxa4
35. bxa4 c5 36. Qxa3 e4 37. fxe4 Rdf8 38. Qe3 Nc6 39. Rf1 Nd4 40. Rxf6 Rxf6 41.
Rb2 Qa7 42. Bd1 Qa8 43. Rf2 Rxf2+ 44. Kxf2 Qb7 45. Bb3 Qe7 46. Kg2 Kf7 47. a5
Ke8 48. a6 Kd8 49. e5 Kc8 50. Qe4 Kb8 51. e6 Ka7 52. a4 Nxe6 53. Bd1 Qf7 54. Bf3
Nd4 55. Qa8+ Kb6 56. Qd8+ Ka7 57. Bd5 Qg7 58. a5 1-0

[Event "75th ch-ARM 1st League 2014"]
[Site "Yerevan ARM"]
[Date "2014.08.30"]
[Round "9.6"]
[White "Alaverdyan, Gevorg"]
[Black "Hayrapetyan, Hovik"]
[Result "0-1"]
[WhiteTitle "FM"]
[BlackTitle "GM"]
[WhiteElo "2369"]
[BlackElo "2438"]
[WhiteFideId "13303058"]
[BlackFideId "13302639"]
[EventDate "2014.08.21"]

1. c4 Nf6 2. Nc3 c5 3. e4 Nc6 4. f4 d6 5. Nf3 g6 6. d3 Bg7 7. Be2 O-O 8. O-O Nd4
9. h3 Nd7 10. g4 a6 11. Be3 Rb8 12. Rc1 e6 13. g5 b5 14. Qd2 f5 15. gxf6 Bxf6
16. cxb5 axb5 17. e5 dxe5 18. Ne4 Be7 19. Nxe5 Nxe5 20. fxe5 Bb7 21. Rxf8+ Bxf8
22. Nf6+ Kh8 23. Rf1 Nf5 24. Bg4 Qc7 25. Bxf5 exf5 26. d4 cxd4 27. Rc1 Qxe5 28.
Bf4 Qxf6 29. Bxb8 Bd6 30. Bxd6 Qxd6 31. Qh2 f4 32. Rf1 g5 33. h4 d3 34. hxg5
Qc5+ 35. Rf2 d2 36. Qh5 Qe3 37. g6 Qe1+ 0-1